00585nam a22001937a 450000500170000001000150001702000230003203500130005503700130006808200120008124500640009326000290015727000590018630000220024550000500026765000200031765000370033770000170037420100821120049.0 aENG-101235 a8189293656c195.00 aEN-84768 bDBAD/PUB a343.099 aMedia freedom :ba changing status /cedited by Bansi Manna aKolkatabBooks Wayc2008 a86A College Street (Y.M.C.A Building)bKolkatae700073 a248p.c21cm (pbk) aincludes bibliographical references and index aLaw- Mass Media aMass Media - Freedom Information aManna, Bansi